[Event "CZE-chT2D 2122"]
[Site "Czech Republic"]
[Date "2022.02.13"]
[Round "8.4"]
[White "Pavlicek, Lukas"]
[Black "Rokos, Filip"]
[Result "0-1"]
[WhiteElo "1998"]
[BlackElo "2070"]
[PlyCount "52"]
[EventDate "2021.10.17"]
[EventType "team-tourn"]
[EventRounds "11"]
[EventCountry "CZE"]
[SourceTitle "EXT 2025"]
[Source "ChessBase"]
[SourceDate "2024.10.14"]
[SourceVersion "1"]
[SourceVersionDate "2024.10.14"]
[SourceQuality "1"]
[WhiteTeam "Policka Stefanydes"]
[BlackTeam "Lipa"]
[WhiteTeamCountry "CZE"]
[BlackTeamCountry "CZE"]

1. c4 Nf6 2. Nc3 e6 3. Nf3 d5 4. e3 Be7 5. b3 0-0 6. Bb2 Nbd7 7. Qc2 c5 8. d4 b6 9. Be2 Bb7 10. 0-0 Rc8 11. cxd5 exd5 12. Rac1 Ne4 13. Qb1 Ndf6 14. Nxe4 Nxe4 15. Bd3 f5 16. Rfd1 Bd6 17. Ne5 Qh4 18. Rc2 Bxe5 19. dxe5 Rc6 20. g3 Rg6 21. Bf1 Ng5 22. Bg2 Nh3+ 23. Kh1 Qh5 24. b4 Rh6 25. Bxh3 Qxh3 26. f4 Qxg3 0-1

[Event "CZE-chT2D 2122"]
[Site "Czech Republic"]
[Date "2022.01.16"]
[Round "6.3"]
[White "Fiedorek, Michal"]
[Black "Pavlicek, Lukas"]
[Result "1/2-1/2"]
[WhiteElo "2327"]
[BlackElo "1998"]
[PlyCount "107"]
[EventDate "2021.10.17"]
[EventType "team-tourn"]
[EventRounds "11"]
[EventCountry "CZE"]
[SourceTitle "EXT 2025"]
[Source "ChessBase"]
[SourceDate "2024.10.14"]
[SourceVersion "1"]
[SourceVersionDate "2024.10.14"]
[SourceQuality "1"]
[WhiteTeam "Rychnov nad Kneznou Panda"]
[BlackTeam "Policka Stefanydes"]
[WhiteTeamCountry "CZE"]
[BlackTeamCountry "CZE"]

1. e4 c5 2. Nf3 d6 3. d4 cxd4 4. Nxd4 Nf6 5. Nc3 a6 6. Be2 e5 7. Nf3 Be7 8. Bg5 Be6 9. Bxf6 Bxf6 10. Qd3 Nc6 11. Rd1 Nd4 12. 0-0 0-0 13. Rfe1 Rc8 14. Nxd4 exd4 15. Nd5 Bxd5 16. exd5 Rc5 17. Qb3 Qc7 18. Bd3 b5 19. Be4 a5 20. a3 a4 21. Qf3 Be5 22. Re2 Rb8 23. Qd3 h6 24. Rde1 Qa5 25. g3 b4 26. axb4 Qxb4 27. f4 Bf6 28. Bf5 Kf8 29. Kg2 Qb7 30. Be4 Qxb2 31. Qa6 Qb6 32. Qxa4 Qb4 33. Qa6 Qb6 34. Qa3 Qb4 35. Qf3 Rc3 36. Bd3 Rcc8 37. Qg4 Re8 38. Qd7 Rxe2+ 39. Rxe2 g6 40. h4 Rd8 41. Qg4 Qb7 42. Qf3 Re8 43. Rxe8+ Kxe8 44. h5 g5 45. fxg5 Bxg5 46. Qe4+ Qe7 47. Bb5+ Kf8 48. Qxd4 Qe3 49. Qh8+ Ke7 50. Qe8+ Kf6 51. Qc6 Qe4+ 52. Kh2 Qe5 53. Qa8 Kg7 54. Qe8 1/2-1/2

[Event "Prague op"]
[Site "Prague"]
[Date "2021.06.14"]
[Round "1"]
[White "Wachinger, Nikolas"]
[Black "Pavlicek, Lukas"]
[Result "1-0"]
[WhiteElo "2369"]
[BlackElo "2001"]
[PlyCount "105"]
[EventDate "2021.06.14"]
[EventType "swiss"]
[EventRounds "9"]
[EventCountry "CZE"]
[SourceTitle "CBM 203 Extra"]
[Source "ChessBase"]
[SourceDate "2021.09.30"]
[SourceVersion "1"]
[SourceVersionDate "2021.09.30"]
[SourceQuality "1"]

1. e4 c5 2. Nf3 d6 3. Bb5+ Bd7 4. Bxd7+ Nxd7 5. 0-0 Ngf6 6. Qe2 a6 7. c3 e6 8. d4 Be7 9. Nbd2 cxd4 10. cxd4 0-0 11. Rd1 Rc8 12. Nf1 Nb6 13. Bd2 Nc4 14. Bg5 d5 15. e5 Nd7 16. h4 h6 17. Bxe7 Qxe7 18. Rd3 Rc6 19. Ng3 Rfc8 20. Nh5 Nf8 21. g3 Nb6 22. b3 Rc2 23. Qe3 Qc7 24. Kg2 Rc1 25. Rxc1 Qxc1 26. Qe2 Nbd7 27. Rd1 Qc3 28. Nf4 Nb8 29. Nd3 Qa5 30. Rc1 Rxc1 31. Nxc1 Qc3 32. Nd3 Nfd7 33. h5 Nc6 34. Qe3 a5 35. g4 Nb4 36. Nxb4 Qxe3 37. fxe3 axb4 38. Ne1 Nb8 39. Nd3 Nc6 40. Nc5 Na7 41. Kf3 Nb5 42. Nd3 Kf8 43. Nxb4 Ke7 44. a4 Nc3 45. Nd3 Kd7 46. Nc5+ Kc6 47. a5 Nb5 48. g5 Nc7 49. gxh6 gxh6 50. e4 dxe4+ 51. Nxe4 Nd5 52. Nd6 Ne7 53. Ke4 1-0

[Event "Marianske Lazne op"]
[Site "Marianske Lazne"]
[Date "2020.01.21"]
[Round "5"]
[White "Lang, Anders"]
[Black "Pavlicek, Lukas"]
[Result "1-0"]
[WhiteElo "1790"]
[BlackElo "1917"]
[PlyCount "38"]
[EventDate "2020.01.18"]
[EventType "swiss"]
[EventRounds "9"]
[EventCountry "CZE"]
[SourceTitle "EXT 2021"]
[Source "ChessBase"]
[SourceDate "2020.10.23"]
[SourceVersion "1"]
[SourceVersionDate "2020.10.23"]
[SourceQuality "1"]

1. e4 c5 2. c3 d5 3. exd5 Qxd5 4. d4 Nf6 5. Nf3 Bg4 6. Be2 e6 7. Na3 Nc6 8. 0-0 Be7 9. h3 Bh5 10. Be3 cxd4 11. Nb5 Rc8 12. Nfxd4 Nxd4 13. Nxd4 Bxe2 14. Qxe2 0-0 15. Rfd1 Qa5 16. Nb3 Qe5 17. Qf3 b6 18. Nd4 Qh5 19. Qb7 Nd5 1-0

[Event "Hradec Kralove op 10th"]
[Site "Hradec Kralove"]
[Date "2019.10.31"]
[Round "7"]
[White "Pavlicek, Lukas"]
[Black "Drasnar, Lukas"]
[Result "1/2-1/2"]
[WhiteElo "1965"]
[BlackElo "1794"]
[PlyCount "75"]
[EventDate "2019.10.26"]
[EventType "swiss"]
[EventRounds "9"]
[EventCountry "CZE"]
[SourceTitle "CBM 193 Extra"]
[Source "ChessBase"]
[SourceDate "2020.01.31"]
[SourceVersion "1"]
[SourceVersionDate "2020.01.31"]
[SourceQuality "1"]

1. c4 e5 2. Nc3 c5 3. g3 Nc6 4. Bg2 g6 5. e4 d6 6. d3 Bg7 7. Nge2 Nge7 8. 0-0 0-0 9. Nd5 Nxd5 10. cxd5 Ne7 11. Be3 Bd7 12. Qd2 a5 13. Bh6 f6 14. Bxg7 Kxg7 15. f4 Qb6 16. Rf2 Qb4 17. Nc3 h6 18. Raf1 Ng8 19. h3 g5 20. fxe5 fxe5 21. Qe2 Rf6 22. Rxf6 Nxf6 23. Nd1 Rf8 24. Ne3 Qd4 25. Kh2 b5 26. Nf5+ Bxf5 27. Rxf5 Rf7 28. b3 a4 29. Bf3 a3 30. h4 gxh4 31. gxh4 Qb2 32. Kh3 Qxe2 33. Bxe2 Ne8 34. Rxf7+ Kxf7 35. Bh5+ Ke7 36. Bxe8 Kxe8 37. Kg4 Kf8 38. Kf5 1/2-1/2

[Event "Pardubice Czech op-E 30th"]
[Site "Pardubice"]
[Date "2019.07.12"]
[Round "2.4"]
[White "Chytilek, Roman"]
[Black "Pavlicek, Lukas"]
[Result "1-0"]
[WhiteElo "2334"]
[BlackElo "1962"]
[PlyCount "67"]
[EventDate "2019.07.11"]
[EventType "team-swiss"]
[EventRounds "7"]
[EventCountry "CZE"]
[SourceTitle "EXT 2020"]
[Source "ChessBase"]
[SourceDate "2019.10.17"]
[SourceVersion "1"]
[SourceVersionDate "2019.10.17"]
[SourceQuality "1"]
[WhiteTeam "Brno Duras"]
[BlackTeam "Policka Stefanydes"]
[WhiteTeamCountry "CZE"]
[BlackTeamCountry "CZE"]

1. Nf3 Nf6 2. c4 e6 3. Nc3 d5 4. e3 c6 5. b3 Nbd7 6. Bb2 Be7 7. g4 0-0 8. Rg1 Ne4 9. Qc2 Bf6 10. d4 Nxc3 11. g5 Ne4 12. gxf6 Qa5+ 13. Kd1 Ndxf6 14. Bd3 b5 15. c5 b4 16. Ne5 Ba6 17. Bxe4 Nxe4 18. f3 Nc3+ 19. Bxc3 bxc3 20. Nd7 Rfd8 21. Ne5 Rac8 22. Rc1 f6 23. Qg2 Qc7 24. Nxc6 Rd7 25. Nb4 Bb5 26. a4 Qa5 27. Na2 Bd3 28. Rxc3 Bg6 29. Qd2 e5 30. Rc1 Qa6 31. Nb4 Qa5 32. c6 Rdc7 33. Rc5 Qb6 34. Rb5 1-0

[Event "CZE-ch"]
[Site "Ostrava"]
[Date "2019.05.04"]
[Round "8"]
[White "Jurek, Josef"]
[Black "Pavlicek, Lukas"]
[Result "1-0"]
[WhiteElo "2269"]
[BlackElo "1963"]
[PlyCount "71"]
[EventDate "2019.04.27"]
[EventType "swiss"]
[EventRounds "9"]
[EventCountry "CZE"]
[SourceTitle "CBM 190 Extra"]
[Source "ChessBase"]
[SourceDate "2019.07.15"]
[SourceVersion "1"]
[SourceVersionDate "2019.07.15"]
[SourceQuality "1"]

1. Nf3 Nf6 2. c4 e6 3. g3 d5 4. d4 Bb4+ 5. Bd2 Be7 6. Bg2 0-0 7. 0-0 c6 8. Qc2 b6 9. b3 Ba6 10. Bf4 Nbd7 11. Rd1 Rc8 12. Nc3 Nh5 13. e4 Nxf4 14. gxf4 dxc4 15. f5 exf5 16. Bh3 fxe4 17. Ne5 Rc7 18. Bxd7 Rxd7 19. Nxd7 Qxd7 20. Qxe4 Bb4 21. Rac1 Re8 22. Qf3 Re6 23. d5 Rg6+ 24. Kh1 Bb7 25. bxc4 b5 26. Ne4 cxd5 27. cxd5 Bd6 28. Rd3 Rh6 29. Ng3 Rf6 30. Qg2 Bf4 31. Rcd1 a5 32. Qe4 Bd6 33. Rf3 Rxf3 34. Qxf3 b4 35. Nf5 a4 36. Qg4 1-0

[Event "CZE-chT U18 Extraliga final-B 1819"]
[Site "Czech Republic"]
[Date "2019.04.13"]
[Round "9.3"]
[White "Pavlicek, Lukas"]
[Black "Hurtik, Matej"]
[Result "1-0"]
[WhiteElo "1894"]
[BlackElo "1896"]
[PlyCount "83"]
[EventDate "2018.10.05"]
[EventType "team-tourn"]
[EventRounds "11"]
[EventCountry "CZE"]
[SourceTitle "EXT 2023"]
[Source "ChessBase"]
[SourceDate "2022.10.05"]
[SourceVersion "1"]
[SourceVersionDate "2022.10.05"]
[SourceQuality "1"]
[WhiteTeam "Policka Stefanydes (U18)"]
[BlackTeam "Novoborsky U18"]
[WhiteTeamCountry "CZE"]
[BlackTeamCountry "CZE"]

1. d4 Nf6 2. c4 g6 3. Nc3 Bg7 4. e4 d6 5. Nf3 0-0 6. h3 e5 7. d5 Nbd7 8. Bg5 a5 9. Nd2 Nc5 10. Be2 Bd7 11. g4 Qc8 12. f3 h6 13. Be3 Nh7 14. Rg1 Ng5 15. Bf1 Qd8 16. Qe2 Nxh3 17. Bxh3 Qh4+ 18. Bf2 Qxh3 19. Bxc5 dxc5 20. Qf2 f5 21. 0-0-0 fxg4 22. Rh1 Rxf3 23. Nxf3 Qxf3 24. Qxc5 g3 25. Rhf1 Qg4 26. Qxc7 g2 27. Rg1 Rc8 28. Qxb7 Rxc4 29. d6 h5 30. Qd5+ Be6 31. d7 Qg5+ 32. Qd2 Qd8 33. Qd6 Bf7 34. Rxg2 g5 35. Rc2 Bf8 36. Qxe5 Bg7 37. Qf5 Rc6 38. Nb5 Rxc2+ 39. Kxc2 Bxa2 40. Rd6 Bc4 41. Rc6 Bf8 42. Rc8 1-0

[Event "Marianske Lazne op 18th"]
[Site "Marianske Lazne"]
[Date "2019.01.25"]
[Round "8"]
[White "Sprenar, Petr"]
[Black "Pavlicek, Lukas"]
[Result "1-0"]
[WhiteElo "2236"]
[BlackElo "2004"]
[PlyCount "41"]
[EventDate "2019.01.19"]
[EventType "swiss"]
[EventRounds "9"]
[EventCountry "CZE"]
[SourceTitle "CBM 188 Extra"]
[Source "ChessBase"]
[SourceDate "2019.02.28"]
[SourceVersion "1"]
[SourceVersionDate "2019.02.28"]
[SourceQuality "1"]

1. d4 Nf6 2. Bg5 g6 3. Bxf6 exf6 4. c4 f5 5. g3 Bg7 6. e3 0-0 7. Bg2 c5 8. Ne2 d6 9. Nbc3 Nc6 10. 0-0 Qb6 11. Nd5 Qxb2 12. Nc7 Rb8 13. Rb1 Qxa2 14. Bxc6 Qxc4 15. Bb5 Qa2 16. Ra1 Qb2 17. Qd3 c4 18. Bxc4 Qb6 19. Nd5 Qd8 20. Rxa7 Be6 21. Rb1 1-0

[Event "Marianske Lazne op 18th"]
[Site "Marianske Lazne"]
[Date "2019.01.23"]
[Round "6"]
[White "Stalmach, Richard"]
[Black "Pavlicek, Lukas"]
[Result "1-0"]
[WhiteElo "2164"]
[BlackElo "2004"]
[PlyCount "47"]
[EventDate "2019.01.19"]
[EventType "swiss"]
[EventRounds "9"]
[EventCountry "CZE"]
[SourceTitle "CBM 188 Extra"]
[Source "ChessBase"]
[SourceDate "2019.02.28"]
[SourceVersion "1"]
[SourceVersionDate "2019.02.28"]
[SourceQuality "1"]

1. d4 Nf6 2. c4 e6 3. Nf3 b6 4. e3 Bb7 5. Bd3 Ne4 6. 0-0 Be7 7. Nfd2 f5 8. Bxe4 fxe4 9. Qg4 0-0 10. Nxe4 h5 11. Qg6 Rf5 12. Nbc3 Bb4 13. d5 Qe7 14. Nb5 Qh4 15. Ng3 Rg5 16. Qe8+ Kh7 17. Nxc7 Qxc4 18. Nxa8 Ba6 19. Rd1 Qc2 20. Bd2 h4 21. Bxb4 hxg3 22. hxg3 Qxb2 23. Bd6 Rxd5 24. Bxb8 1-0

[Event "CZE-chT2D 1819"]
[Site "Czech Republic"]
[Date "2019.01.13"]
[Round "6.8"]
[White "Suchomelova, Simona"]
[Black "Pavlicek, Lukas"]
[Result "0-1"]
[WhiteElo "1966"]
[BlackElo "1894"]
[PlyCount "102"]
[EventDate "2018.10.14"]
[EventType "team-tourn"]
[EventRounds "11"]
[EventCountry "CZE"]
[SourceTitle "EXT 2022"]
[Source "ChessBase"]
[SourceDate "2021.10.06"]
[SourceVersion "1"]
[SourceVersionDate "2021.10.06"]
[SourceQuality "1"]
[WhiteTeam "Chotebor"]
[BlackTeam "Policka Stefanydes"]
[WhiteTeamCountry "CZE"]
[BlackTeamCountry "CZE"]

1. e4 c5 2. Nf3 d6 3. d4 cxd4 4. Nxd4 Nf6 5. Nc3 a6 6. Be2 e5 7. Nb3 Be7 8. 0-0 Be6 9. Bg5 Nbd7 10. Kh1 b5 11. a3 0-0 12. f4 Nb6 13. f5 Bc4 14. Nd2 Rc8 15. Qe1 Qc7 16. Rd1 Bxe2 17. Qxe2 h6 18. Bh4 Qb7 19. Bxf6 Bxf6 20. Nf3 Be7 21. Nd5 Nxd5 22. Rxd5 Rc4 23. c3 Rfc8 24. Rfd1 R4c5 25. Rxc5 Rxc5 26. Rd3 f6 27. Nd2 d5 28. Qf3 dxe4 29. Nxe4 Rc7 30. h3 Kf8 31. Qe2 Rc4 32. Nd2 Rf4 33. Rf3 Rxf3 34. Qxf3 Qxf3 35. Nxf3 Bc5 36. Nd2 Be3 37. Nb3 Ke7 38. g4 Kd6 39. Kg2 e4 40. Kf1 Ke5 41. Ke2 Kf4 42. Nd4 Bc1 43. Ne6+ Kg3 44. Nc5 Kxh3 45. Nxa6 Kxg4 46. Nc7 h5 47. Nxb5 h4 48. Nd4 h3 49. Kf1 Bxb2 50. Kg1 Bxc3 51. Ne2 Ba5 0-1

[Event "CZE-chT2D 1819"]
[Site "Czech Republic"]
[Date "2018.12.02"]
[Round "4.8"]
[White "Novotny, Ondrej"]
[Black "Pavlicek, Lukas"]
[Result "0-1"]
[WhiteElo "1961"]
[BlackElo "1894"]
[PlyCount "100"]
[EventDate "2018.10.14"]
[EventType "team-tourn"]
[EventRounds "11"]
[EventCountry "CZE"]
[SourceTitle "EXT 2022"]
[Source "ChessBase"]
[SourceDate "2021.10.06"]
[SourceVersion "1"]
[SourceVersionDate "2021.10.06"]
[SourceQuality "1"]
[WhiteTeam "Chrudim"]
[BlackTeam "Policka Stefanydes"]
[WhiteTeamCountry "CZE"]
[BlackTeamCountry "CZE"]

1. e4 c5 2. b4 cxb4 3. a3 d5 4. exd5 Qxd5 5. Nf3 e5 6. c4 Qe6 7. Bb2 Nc6 8. Be2 Nf6 9. 0-0 Bc5 10. axb4 Bxb4 11. Nc3 0-0 12. Nb5 Qe7 13. d4 exd4 14. Nfxd4 Nxd4 15. Nxd4 Rd8 16. Qc2 a5 17. Bf3 Ra6 18. Rad1 Rad6 19. c5 R6d7 20. c6 bxc6 21. Bxc6 Rd6 22. Bf3 Bd7 23. Rc1 h6 24. h3 a4 25. Ra1 Rc8 26. Qb1 Rb6 27. Nf5 Qf8 28. Bxf6 Bxf5 29. Qxf5 Rxf6 30. Qb5 a3 31. Rfb1 Rb8 32. Qd3 Rd6 33. Qc4 Rd2 34. Qf4 a2 35. Rc1 Qd6 36. Qc4 Qe6 37. Qc7 Qb6 38. Qxb6 Rxb6 39. Rc8+ Kh7 40. Ra8 Bd6 41. Be4+ f5 42. Bxf5+ g6 43. Ra7+ Kh8 44. Re1 Rb8 45. Bxg6 Bc5 46. Rh7+ Kg8 47. Rf7 Bd4 48. Rf4 a1Q 49. Rxa1 Bxa1 50. g4 Rf8 0-1

[Event "CZE-chT U18 Extraliga Ost 1819"]
[Site "Czech Republic"]
[Date "2018.10.06"]
[Round "1.3"]
[White "Pavlicek, Lukas"]
[Black "Kopcova, Ludmila"]
[Result "1/2-1/2"]
[WhiteElo "1894"]
[BlackElo "1899"]
[PlyCount "64"]
[EventDate "2018.10.05"]
[EventType "team-tourn"]
[EventRounds "11"]
[EventCountry "CZE"]
[SourceTitle "EXT 2023"]
[Source "ChessBase"]
[SourceDate "2022.10.05"]
[SourceVersion "1"]
[SourceVersionDate "2022.10.05"]
[SourceQuality "1"]
[WhiteTeam "Policka Stefanydes (U18)"]
[BlackTeam "Orlova Slavia (U18)"]
[WhiteTeamCountry "CZE"]
[BlackTeamCountry "CZE"]

1. e4 e5 2. Nf3 Nf6 3. Nxe5 d6 4. Nf3 Nxe4 5. Nc3 Nxc3 6. dxc3 Be7 7. Be3 0-0 8. Qd2 Nd7 9. 0-0-0 Re8 10. h4 c6 11. c4 Ne5 12. Ng5 Be6 13. b3 d5 14. Be2 dxc4 15. Qc3 Qc7 16. Nxe6 fxe6 17. Bd4 Bf6 18. Bxc4 Nxc4 19. Qxc4 Qf4+ 20. Be3 Qxc4 21. bxc4 Red8 22. g3 b6 23. Rd3 Rxd3 24. cxd3 Rd8 25. Kc2 Kf7 26. a4 c5 27. Rb1 Kg6 28. a5 Rd6 29. Bf4 e5 30. Be3 Kh5 31. Rb3 Kg4 32. Ra3 h6 1/2-1/2

[Event "Pardubice op rapid 29th"]
[Site "Pardubice"]
[Date "2018.07.19"]
[Round "7"]
[White "Pavlicek, Lukas"]
[Black "Zdechovsky, Tobias"]
[Result "1-0"]
[WhiteElo "1819"]
[BlackElo "1675"]
[PlyCount "107"]
[EventDate "2018.07.18"]
[EventType "swiss (rapid)"]
[EventRounds "9"]
[EventCountry "CZE"]
[SourceTitle "CBM 185 Extra"]
[Source "ChessBase"]
[SourceDate "2018.07.29"]
[SourceVersion "1"]
[SourceVersionDate "2018.07.29"]
[SourceQuality "1"]

1. c4 g6 2. Nc3 Bg7 3. g3 c5 4. Bg2 e6 5. e3 Nc6 6. Nge2 Nge7 7. 0-0 d5 8. cxd5 exd5 9. d4 cxd4 10. Nxd4 0-0 11. Nce2 Bg4 12. Nxc6 bxc6 13. h3 Be6 14. Nd4 Rb8 15. Qc2 Qd6 16. Nb3 Rfc8 17. Bd2 Bf5 18. e4 dxe4 19. Bxe4 Bxh3 20. Bf4 Qb4 21. Rfd1 Rb5 22. Bd6 Qa4 23. Bxe7 Re5 24. Rd4 Qb5 25. Rd8+ Rxd8 26. Bxd8 Be6 27. Qxc6 Qxc6 28. Bxc6 Re2 29. Rd1 Rxb2 30. Bd5 Bxd5 31. Rxd5 Rxa2 32. Ra5 Rxa5 33. Nxa5 Bd4 34. Nc6 Bc5 35. Kg2 Kf8 36. Bf6 Ke8 37. Bd4 Bxd4 38. Nxd4 Kd7 39. Kf3 a5 40. Ke4 Kd6 41. Nf3 f6 42. Kd4 Kc6 43. Kc4 a4 44. Kb4 a3 45. Kxa3 Kd5 46. Kb3 Ke4 47. Ng1 Kd3 48. Kb4 g5 49. Kc5 Ke4 50. Kd6 h5 51. Ke6 h4 52. Kxf6 h3 53. Nxh3 Kf3 54. Kxg5 1-0

[Event "Pardubice op rapid 29th"]
[Site "Pardubice"]
[Date "2018.07.18"]
[Round "1"]
[White "Pavlicek, Lukas"]
[Black "Becker, Dirk"]
[Result "0-1"]
[WhiteElo "1819"]
[BlackElo "2265"]
[PlyCount "68"]
[EventDate "2018.07.18"]
[EventType "swiss (rapid)"]
[EventRounds "9"]
[EventCountry "CZE"]
[SourceTitle "CBM 185 Extra"]
[Source "ChessBase"]
[SourceDate "2018.07.29"]
[SourceVersion "1"]
[SourceVersionDate "2018.07.29"]
[SourceQuality "1"]

1. c4 Nf6 2. Nc3 e6 3. d4 d5 4. cxd5 exd5 5. Nf3 c6 6. Bf4 Bf5 7. e3 Nbd7 8. Bd3 Bg6 9. 0-0 Be7 10. a3 0-0 11. Bxg6 hxg6 12. b4 a6 13. Qc2 Nb6 14. Na4 Nc4 15. Nd2 b5 16. Nc5 Bxc5 17. dxc5 a5 18. Nb3 a4 19. Nd4 Qc8 20. Rfe1 Re8 21. Bg5 Nh7 22. Bh4 f5 23. g4 Nf8 24. gxf5 Re4 25. Bg3 gxf5 26. Qd3 g6 27. f3 Re8 28. e4 dxe4 29. fxe4 f4 30. Bxf4 Ra7 31. e5 Rf7 32. Bg3 Ne6 33. Qxg6+ Rg7 34. Qe4 Nd2 0-1

[Event "Pardubice Czech op-J 29th"]
[Site "Pardubice"]
[Date "2018.07.16"]
[Round "5"]
[White "Brantjes, Yme"]
[Black "Pavlicek, Lukas"]
[Result "0-1"]
[WhiteElo "2021"]
[BlackElo "1819"]
[PlyCount "124"]
[EventDate "2018.07.13"]
[EventType "swiss"]
[EventRounds "7"]
[EventCountry "CZE"]
[SourceTitle "EXT 2019"]
[Source "ChessBase"]
[SourceDate "2018.10.10"]
[SourceVersion "1"]
[SourceVersionDate "2018.10.10"]
[SourceQuality "1"]

1. e4 c5 2. Nf3 d6 3. d4 cxd4 4. Nxd4 Nf6 5. Nc3 a6 6. Be3 e5 7. Nf3 Be7 8. Bc4 0-0 9. Qe2 Nbd7 10. h3 b5 11. Bd5 Nxd5 12. Nxd5 Bb7 13. a4 Bxd5 14. exd5 b4 15. a5 Qc8 16. 0-0 f5 17. Rfc1 Nf6 18. Qd2 Qc4 19. Rd1 Rfc8 20. Ra4 Qxc2 21. Rxb4 Qxd2 22. Rxd2 Bd8 23. Bb6 Rab8 24. g3 Nd7 25. Bxd8 Rxb4 26. Be7 Rb5 27. Bxd6 Nf6 28. Bxe5 Rxd5 29. Rxd5 Nxd5 30. Nd4 g6 31. Bd6 Rc4 32. Nb3 Ra4 33. Kf1 Nb4 34. Bxb4 Rxb4 35. Nc5 Rxb2 36. Nxa6 Ra2 37. Nb4 Rxa5 38. Nd3 Kg7 39. h4 Kf6 40. Ke2 Ra2+ 41. Ke3 Ra4 42. Nf4 Ra3+ 43. Ke2 Ke5 44. Nd3+ Kd4 45. Nf4 Ke4 46. Nh3 h6 47. Kf1 Kf3 48. Ng1+ Kg4 49. Kg2 f4 50. f3+ Kf5 51. gxf4 Kxf4 52. Nh3+ Ke3 53. Kg3 Ra1 54. Kg2 Rb1 55. Kg3 Rf1 56. Kg2 Rxf3 57. Ng1 Rf2+ 58. Kg3 Rf1 59. Nh3 Rf3+ 60. Kg2 Rxh3 61. Kxh3 Kf3 62. h5 g5 0-1

[Event "Klatovy op-A 24th"]
[Site "Klatovy"]
[Date "2018.07.08"]
[Round "9"]
[White "Pavlicek, Lukas"]
[Black "Kubat, Martin"]
[Result "0-1"]
[WhiteElo "1819"]
[BlackElo "1881"]
[PlyCount "82"]
[EventDate "2018.06.30"]
[EventType "swiss"]
[EventRounds "9"]
[EventCountry "CZE"]
[SourceTitle "EXT 2019"]
[Source "ChessBase"]
[SourceDate "2018.10.10"]
[SourceVersion "1"]
[SourceVersionDate "2018.10.10"]
[SourceQuality "1"]

1. e4 c5 2. Nf3 d6 3. d4 cxd4 4. Nxd4 Nf6 5. Nc3 g6 6. Be3 Bg7 7. Be2 0-0 8. f4 Nc6 9. Nb3 a6 10. g4 b5 11. a3 Bb7 12. Bf3 Na5 13. g5 Nd7 14. Nxa5 Qxa5 15. Bd4 e5 16. fxe5 dxe5 17. Be3 Rfd8 18. Qd6 Bf8 19. Qd2 Nc5 20. Nd5 Qxd2+ 21. Kxd2 Nxe4+ 22. Bxe4 Bxd5 23. Bxd5 Rxd5+ 24. Ke2 Rad8 25. Rad1 Rxd1 26. Rxd1 Rxd1 27. Kxd1 Kg7 28. Kd2 f5 29. gxf6+ Kxf6 30. Kd3 Kf5 31. b4 Bg7 32. c3 e4+ 33. Kd2 Be5 34. c4 bxc4 35. a4 Ke6 36. b5 axb5 37. axb5 Bxh2 38. Kc3 Kd5 39. b6 Bd6 40. b7 Bb8 41. Bg5 h5 0-1

[Event "Pardubice Czech op-J 28th"]
[Site "Pardubice"]
[Date "2017.07.15"]
[Round "2"]
[White "Varitski, Igor"]
[Black "Pavlicek, Lukas"]
[Result "1-0"]
[WhiteElo "2226"]
[BlackElo "1710"]
[PlyCount "85"]
[EventDate "2017.07.14"]
[EventType "swiss"]
[EventRounds "7"]
[EventCountry "CZE"]
[SourceTitle "EXT 2018"]
[Source "ChessBase"]
[SourceDate "2017.10.13"]
[SourceVersion "1"]
[SourceVersionDate "2017.10.13"]
[SourceQuality "1"]

1. e4 e6 2. d4 d5 3. Nd2 Nf6 4. Bd3 c5 5. dxc5 Bxc5 6. Qe2 0-0 7. Ngf3 Nc6 8. 0-0 Nb4 9. e5 Nd7 10. Nb3 Nxd3 11. cxd3 Bb6 12. Nbd4 h6 13. Bf4 Nb8 14. Nb5 Nc6 15. Qd2 f6 16. d4 fxe5 17. Nxe5 a6 18. Nxc6 bxc6 19. Nc3 Bc7 20. Bxc7 Qxc7 21. Rac1 Bd7 22. Na4 Qd6 23. Rfe1 Rfe8 24. Nc5 Ra7 25. Re5 Bc8 26. Rce1 Rae7 27. R1e3 Rf8 28. Qe2 Rf6 29. b4 Kf7 30. g3 Ra7 31. Qh5+ Ke7 32. f4 Kf8 33. f5 Re7 34. fxe6 Bxe6 35. Kg2 Kg8 36. Qe2 Kf7 37. Qxa6 Qc7 38. Qe2 Qc8 39. Nxe6 Rfxe6 40. Rxe6 Rxe6 41. Rxe6 Qxe6 42. Qxe6+ Kxe6 43. a4 1-0

[Event "CZE-ch U12"]
[Site "Kouty nad Desnou"]
[Date "2015.03.12"]
[Round "7"]
[White "Szotkowski, David"]
[Black "Pavlicek, Lukas"]
[Result "1-0"]
[WhiteElo "1465"]
[BlackElo "1553"]
[PlyCount "89"]
[EventDate "2015.03.07"]
[EventType "swiss"]
[EventRounds "9"]
[EventCountry "CZE"]
[SourceTitle "EXT 2017"]
[Source "ChessBase"]
[SourceDate "2016.10.25"]
[SourceVersion "1"]
[SourceVersionDate "2016.10.25"]
[SourceQuality "1"]

1. c4 f5 2. Nc3 e6 3. d4 Nf6 4. Bf4 Bb4 5. e3 Ne4 6. Nge2 0-0 7. f3 Nxc3 8. Nxc3 b6 9. Rc1 Bb7 10. Be2 Nc6 11. 0-0 Bxc3 12. Rxc3 Ne7 13. b4 d5 14. c5 Rc8 15. Qc2 Ng6 16. Bg3 f4 17. exf4 Nxf4 18. c6 Ba8 19. b5 Qf6 20. Rd1 Qf5 21. Bd3 Nxd3 22. Qxd3 Qxd3 23. Rcxd3 a6 24. a4 a5 25. Re1 Rfe8 26. Rde3 Kf7 27. Kf2 g6 28. Bf4 Re7 29. Bg5 Ree8 30. Bf4 Re7 31. h3 Rg8 32. h4 Rc8 33. Rh1 Rg8 34. Re5 h5 35. Rg5 Rh8 36. Be5 Rh7 37. g4 Rh6 38. gxh5 Rxh5 39. Rxh5 gxh5 40. Rg1 Kf8 41. Rg6 Bxc6 42. bxc6 b5 43. axb5 a4 44. Rg1 a3 45. Ra1 1-0

[Event "CZE-ch U12"]
[Site "Kouty nad Desnou"]
[Date "2015.03.11"]
[Round "6"]
[White "Pavlicek, Lukas"]
[Black "Hrabal, Matej"]
[Result "0-1"]
[WhiteElo "1553"]
[BlackElo "1391"]
[PlyCount "48"]
[EventDate "2015.03.07"]
[EventType "swiss"]
[EventRounds "9"]
[EventCountry "CZE"]
[SourceTitle "EXT 2017"]
[Source "ChessBase"]
[SourceDate "2016.10.25"]
[SourceVersion "1"]
[SourceVersionDate "2016.10.25"]
[SourceQuality "1"]

1. e4 e5 2. Nf3 Nc6 3. d4 exd4 4. Bc4 Nf6 5. e5 Ng4 6. 0-0 d5 7. exd6 Bxd6 8. Re1+ Be7 9. Bb5 Bd7 10. Bxc6 bxc6 11. Nxd4 0-0 12. Nxc6 Bxc6 13. Qxg4 Bf6 14. Nc3 Rb8 15. Qg3 Re8 16. Bf4 Rxe1+ 17. Rxe1 Rxb2 18. Bxc7 Qd2 19. Rf1 Qxc3 20. Qxc3 Bxc3 21. Rd1 h6 22. h3 Rxc2 23. Rd6 Bb5 24. a4 Rc1+ 0-1